Statistics for Can you name all FNAF 1-5 characters?

Click here to take the quiz!

General Stats

  • This quiz has been taken 20 times
  • The average score is 43 of 53

Answer Stats

FNAF GameAnimatronic% Correct
FNAF 1Bonnie
100%
FNAF 1Chica
100%
FNAF 1Foxy
100%
FNAF 1Freddy
100%
FNAF 2Balloon Boy
94%
FNAF 5: SLCircus Baby
94%
FNAF 5: SLFuntime Foxy
94%
FNAF 5: SLFuntime Freddy
94%
FNAF 1Golden Freddy
94%
FNAF 2Mangle
94%
FNAF 4Nightmare
94%
FNAF 4Nightmare BB
94%
FNAF 4Nightmare Bonnie
94%
FNAF 4Nightmare Chica
94%
FNAF 4Nightmare Freddy
94%
FNAF 3Phantom Foxy
94%
FNAF 3Phantom Freddy
94%
FNAF 3Phantom Mangle
94%
FNAF 3Springtrap
94%
FNAF 2The Puppet
94%
FNAF 2Toy Bonnie
94%
FNAF 2Toy Chica
94%
FNAF 2Toy Freddy
94%
FNAF 2Withered Bonnie
94%
FNAF 2Withered Chica
94%
FNAF 2Withered Freddy
94%
FNAF 5: SLBallora
89%
FNAF 3Phantom BB
89%
FNAF 3Phantom Chica
89%
FNAF 3Phantom Puppet
89%
FNAF 4Jack-O-Bonnie
83%
FNAF 4Jack-O-Chica
83%
FNAF 2JJ
83%
FNAF 4Nightmare Foxy
83%
FNAF 4Nightmare Fredbear
83%
FNAF 4Nightmarionne
83%
FNAF 2Shadow Freddy
83%
FNAF 2Withered Foxy
83%
FNAF 5: SLMinireena
78%
FNAF 5: SLBidybab
72%
FNAF 5: SLBon-Bon
72%
FNAF 5: SLBonnet
72%
FNAF 5:SLElectrobab
72%
FNAF 5Ennard
72%
FNAF 5: SLLolbit
72%
FNAF 4Nightmare Mangle
67%
FNAF 5: SLYenndo
67%
FNAF 4Fredbear
56%
FNAF 5: SLFuntime Chica
33%
FNAF 4Dreadbear
22%
FNAF 4Grimm Foxy
17%
FNAF 5: SLMusic Man
11%
FNAF 2Shadow Bonnie
(RWQFSFASXC)
0%

Score Distribution

Percentile by Number Answered

Percent of People with Each Score

Your Score History

You have not taken this quiz